00519cam a2200169 i 4500020001700000040000800017082002900025100001600054245008000070260003300150300005100183490002200234650002500256650002300281650002300304700002200327 a2870272782 : cDLC00a959 YAT 1989 C096 Or.aB0 aPin Yathay.12aL'utopie meurtrière :bun rescapé du génocide cambodgien témoigne / aParis :bR. Laffont,cc1989. a413 p., [4] leaves of plates :bill. ;c24 cm.0 aCollection Vécu 0aPolitical atrocities 0aPolitical refugees 0aPolitical refugees1 aMaillard, Lucien,